NLSUI OPAC header image

Research handbook: Towards nurturing research culture in higher in higher education institutions in India (Record no. 110778)

MARC details
000 -LEADER
fixed length control field 00542nam a2200157Ia 4500
008 - FIXED-LENGTH DATA ELEMENTS--GENERAL INFORMATION
fixed length control field 180321s2005 xx 000 0 und d
082 ## - DEWEY DECIMAL CLASSIFICATION NUMBER
Classification number 378.242 UGC
245 ## - TITLE STATEMENT
Title Research handbook: Towards nurturing research culture in higher in higher education institutions in India
260 ## - PUBLICATION, DISTRIBUTION, ETC.
Place of publication, distribution, etc. New Delhi
Name of publisher, distributor, etc. University Grants Commission
Date of publication, distribution, etc. 2005
300 ## - PHYSICAL DESCRIPTION
Extent 141
650 ## - SUBJECT ADDED ENTRY--TOPICAL TERM
Topical term or geographic name entry element Citation indexes
650 ## - SUBJECT ADDED ENTRY--TOPICAL TERM
Topical term or geographic name entry element Development of research
650 ## - SUBJECT ADDED ENTRY--TOPICAL TERM
Topical term or geographic name entry element Higher education
650 ## - SUBJECT ADDED ENTRY--TOPICAL TERM
Topical term or geographic name entry element Writing quality research
906 ## - LOCAL DATA ELEMENT F, LDF (RLIN)
a Received from VC's office 06.10.2017
Holdings
Withdrawn status Lost status Damaged status Not for loan Collection code Home library Current library Shelving location Date acquired Total Checkouts Barcode Date last seen Price effective from Koha item type
          . .   06.10.2017   REP13071 29.03.2018 29.03.2018 Repository